inventi impact information security journal (Record no. 29123)

MARC details
000 -LEADER
fixed length control field 00222nam a22000977a 4500
003 - CONTROL NUMBER IDENTIFIER
control field SGT
245 ## - TITLE STATEMENT
Title inventi impact information security journal
Remainder of title 2019
260 ## - PUBLICATION, DISTRIBUTION, ETC. (IMPRINT)
Name of publisher, distributor, etc Springer publisher
Year of Publication 2019
300 ## - PAGE DESCRIPTION
No. of Pages 400
942 ## - ADDED ENTRY ELEMENTS (KOHA)
Source of classification or shelving scheme Dewey Decimal Classification
Koha item type Back Volumes

No items available.